01491nam a22002297a 450000500170000000800410001704000290005804100080008708200140009510000290010924200290013824500360016725000500020326000950025330000360034850004790038450502760086350600210113954600230116065000410118365000370122420190304112939.0150928n fr |||fr|||| 001 f fre d cSandra YazodSandra Yazo0 afre04220a843.81 aBourget, Pauld1852-193503aLa tierra Prometidapspa13aLa Terre Promise.cPaul Bourget aÉdition définitive [Edición definitiva] aParís (Francia)bPlon-Nourrit et Cie. [Plon-Nourrit y Compañía]c[fecha desconocida] axiii, 403 páginasc18 x 12 cm aDetalles físicos: Encuadernación rígida (holandesa) en cartón forrado en papel jaspeado azul; lomo de tela texturizada con adornos en dorado. Guardas. Hoja de cortesía. Anteportada. Portada impresa en una sola tinta, con marca tipográfica de los editores. Dedicatoria. Texto impreso en una sola columna. Cortes con jaspeados. Índice. Papel con manchas de oxidación. Sello de tinta en portada: “Librería Colombiana. Camacho Roldán & Tamayo. Bogotá”.0 aEn sueños ; Una vieja amante ; Dificultades crecientes ; Adelita ; En la noche ; Alrededor de un Árbol de Navidad ; Paulina Raffraye ; Las adivinaciones de una jovencita ; Una conciencia pura ; La vía dolorosa ; Entre ruinas ; La otra orilla de la Tierra Prometida  aConsulta en sala aTexto en francés 7aLiteratura francesa ySiglo XIX - XX 7aNovela francesa ySiglo XIX - XX